Backwards bavili našich krajanov v Amerike na československom plese Miloš Forman na bál v New Yorku napokon prísť nemohol

Bibliographic Details
Format: Article
Language:Slovak
PhysicalDescription:1 foto
ISSN:1335-4566
Subjects:

MARC

LEADER 00000nab a2200000 a 4500
001 vtls000931719
003 SK-MaSNL
005 20260304201109.0
008 040720e20040127xo 0 slo
035 |a KE40596 
040 |a KEVKJB  |b slo  |c KEVKJB  |e AACR2 
041 0 |a slo 
044 |a xo  |c SK 
080 |a 784.66  |2 1981 
245 0 0 |a Backwards bavili našich krajanov v Amerike na československom plese  |b Miloš Forman na bál v New Yorku napokon prísť nemohol 
300 |b 1 foto 
610 2 7 |a Backwards (hudobná skupina)  |2 snkbucl  |9 135400 
650 0 7 |a populárna hudba  |2 KEVKJB  |9 3428 
651 7 |a Košice (Slovensko)  |2 KEVKJB  |9 18694 
773 0 8 |t Košický denník Korzár  |g Roč. 7, č.21, 27.1.2004, s. 1  |x 1335-4566 
852 |a ZVYKNI  |b KIS3GCP 
999 |c 3093209  |d 3095139